| 000 | 02662nam0a2200457 i 4500 | ||
|---|---|---|---|
| 001 | RU\NLR\BIBL_A\010018963 | ||
| 005 | 20241101002431.0 | ||
| 010 |
_a9785442001877 _91000 |
||
| 021 |
_aRU _b2013-93371 _96469 |
||
| 035 | _a(NILC)RuMoRGB-006701189 | ||
| 035 | _a(NLR Aleph) 010018963 | ||
| 090 |
_a9891161 _c9891161 |
||
| 100 | _a20131227d2013 um y0rusy50 ca | ||
| 101 | 0 |
_arus _deng _eeng |
|
| 102 | _aRU | ||
| 105 | _aa|||||||||||| | ||
| 200 | 1 |
_aФлора дубрав городского округа город Воронеж: биогеографический, экологический, природоохранный аспекты _dFlora oak forests city district Voronezh: biogeographical, ecological, environmental aspects _fА. Я. Григорьевская, Д. С. Зелепукин _zeng |
|
| 210 |
_aВоронеж _cВоронежская обл. тип. _d2013 |
||
| 215 |
_a260 с. _cил., цв. ил., карт. _d25 |
||
| 300 | _aАвт. также на англ. яз.: A.Ya. Grigoryevskaya, D.S. Zelepukin | ||
| 300 | _aРез. на англ. яз. | ||
| 320 | _aБиблиогр.: с. 86-94 (120 назв.) | ||
| 320 | _aАлф. указ. лат. назв. семейств, родов и видов, встречающихся в тексте и аннот. списке флоры: с. 95-110 | ||
| 320 | _aАлф. указ. рус. назв. семейств, родов и видов, встречающихся в тексте и аннот. списке флоры: с. 111-116 | ||
| 333 | _a12+ | ||
| 510 | 0 |
_6z11790 _aFlora oak forests city district Voronezh: biogeographical, ecological, environmental aspects _zeng |
|
| 606 | 1 |
_aДубовые леса рекреационные _xЭкология _yВоронеж, город _92170514 _3RU\NLR\AUTH\6601542240 |
|
| 606 | 1 |
_aСосудистые растения дубовых лесов _yВоронежская область _92170799 _3RU\NLR\AUTH\6601542367 |
|
| 675 | _a635.9:582.632.2(470.324) | ||
| 686 | 1 | _aЕ592(2Р345-4Вр) | |
| 686 | 1 | _aЕ581.819.212(2Р345-4Вр) | |
| 686 | 1 | _aП342.925.11(2Р345-4Вр) | |
| 700 | 1 |
_aГригорьевская _bА. Я. _gАнна Яковлевна _9128530 _3RU\NLR\AUTH\770128561 |
|
| 701 | 1 |
_aЗелепукин _bД. С. _gДенис Сергеевич _9128550 _3RU\NLR\AUTH\770128581 |
|
| 790 | 1 |
_7ba _8rus _aGrigor'evskaja _bA. Ja. _gAnna Jakovlevna _9128531 _3RU\NLR\AUTH\770128562 |
|
| 790 | 1 |
_7ba _8rus _aZelepukin _bD. S. _gDenis Sergeevič _9128551 _3RU\NLR\AUTH\770128582 |
|
| 801 | 0 |
_aRU _bRuMoRKP _c20131121 _gRCR |
|
| 801 | 2 |
_aRU _bРГБ _c20131204 _grcr |
|
| 942 | _cBOOK | ||
| 980 | _aNBR | ||